| 000 | 00739cab a2200253 4500 | ||
|---|---|---|---|
| 001 | WB3340-10 | ||
| 008 | 090401t1997 xxu||||| |||| 00| 0 eng d | ||
| 035 | _a(Sirsi) u81446 | ||
| 041 | _aeng | ||
| 245 | _aNorth-South divide | ||
| 260 | _c1997 | ||
| 350 | _a0 | ||
| 490 |
_aTimes _v14 October 1997, 28 |
||
| 490 |
_aFinancial Times _v14 October 1997, 14(2) |
||
| 520 | _aThe economics forecasting group, Business Strategies, reports that the consumer spending boom has re-opened the North-South divide. | ||
| 650 | _aECONOMIC RECOVERY | ||
| 650 | _aFORECASTS | ||
| 650 | _aMANUFACTURING | ||
| 650 | _aNORTH-SOUTH DIVIDE | ||
| 650 | _aSERVICE SECTOR | ||
| 690 | _aECONOMIC AND SOCIAL | ||
| 942 | _n0 | ||
| 948 | _c15/10/1997 | ||
| 999 |
_c51314 _d51314 |
||